000 00572nam a2200229Ia 4500
003 OSt
005 20221005113618.0
006 a|||||r|||| 00| 0
007 ta
008 221004b |||||||| |||| 00| 0 guj d
024 _a46439
037 _cTextual
040 _aCRL
_cCRL
_bguj
041 _2guj
_aguj
082 _aD58, 156K3
100 _aNayak Chhotubhai Au.
_9209934
245 0 _aAakash panchi avakash
260 _c1956
650 _aENGINEERING
942 _hD58, 156K3
_cTEXL
_2cc
999 _c1028744
_d1028744